| 000 | 00617nam a22002297a 4500 | ||
|---|---|---|---|
| 999 |
_c13809 _d13809 |
||
| 003 | MIRAKIL | ||
| 005 | 20200309155553.0 | ||
| 008 | 200309b tu ||||| |||| 00| 0 tur d | ||
| 020 | _a9751405815 | ||
| 035 | _a19974 | ||
| 040 |
_aTR-AnCHP _btur _cTR-AnCHP |
||
| 041 | _atur | ||
| 082 |
_a320.9561 _bK65d 1997 |
||
| 100 | _aKongar, Emre | ||
| 245 |
_aDemokrasi ve laiklik/ _cEmre Kongar. |
||
| 260 |
_aİstanbul: _bRemzi Kitabevi, _c1997. |
||
| 300 |
_a149 s.: _c20 sm. |
||
| 650 |
_aSiyaset ve yönetim _zTürkiye |
||
| 650 | 0 |
_aDemokrasi _xTürkiye _9339 |
|
| 650 | 0 |
_aLaiklik _xTürkiye _9645 |
|
| 942 |
_2ddc _cBKS |
||